[Review: World Economy - Selected Issues]

Stručná recenzia na publikáciu: "Svetová ekonomika - vybrané state", ktorá vyšla v roku 2025.

Gespeichert in:
Bibliographische Detailangaben
1. Verfasser: Mura, Ladislav, 1979-
Format: Buchkapitel
Sprache:Englisch
Schlagworte:
Tags: Tag hinzufügen
Keine Tags, Fügen Sie das erste Tag hinzu!

MARC

LEADER 00000naa a2200000 4500
001 0315381
005 20260311095751.4
041 0 |a eng 
044 |a SK 
245 1 0 |a [Review: World Economy - Selected Issues]  |c Ladislav Mura 
520 |a Stručná recenzia na publikáciu: "Svetová ekonomika - vybrané state", ktorá vyšla v roku 2025. 
610 2 0 |a ekonomika 
610 2 0 |a vzdelávanie 
610 2 0 |a teórie ekonomické 
610 2 0 |a globalizácia 
610 2 0 |a obchod 
100 1 |a Mura, Ladislav, 1979-